000 00520pab a2200193 454500
008 180718b2007 xxu||||| |||| 00| 0 eng d
100 _aSingh, Abhishek
245 _aCouples reproductive intentions in two culturally contrasting states of north eastern India
260 _c2007
300 _ap.39-53.
362 _aJan-Jun
650 _aFertility - India,North East
650 _aFertility
700 _aRanjan, Rajiv
700 _aRam, Faujdar
773 _aDemography India
908 _aN
909 _a77813
999 _c77813
_d77813